| 000 | 00690 a2200205 4500 | ||
|---|---|---|---|
| 010 | _aENG-89070 | ||
| 020 |
_a812460116X _c350.00 |
||
| 035 | 1 | 4 | _aEN-72603 |
| 037 | 1 | _bDBAD / PUB | |
| 082 | 1 | 4 | _a181.4 |
| 090 |
_c10153 _d10153 |
||
| 100 | _aPadhi, Bibhu | ||
| 245 | 1 |
_aIndian philosophy and religion : _cby Bibhu Padhi [and] Minakshi Padhi _ba reader's guide / |
|
| 260 |
_aNew Delhi _bD.K. Printworld _c2005 |
||
| 270 | _mdkprintworld@vsnl.net | ||
| 300 |
_ax, 413p. _c22 cm ( pbk) |
||
| 500 | _aIncludes bibliographical references and index | ||
| 942 |
_adpl _cEN _k181.4 / PAD |
||
| 999 |
_c9923 _d9923 |
||